=LDR 00000nam 2200000 4500 =001 INLIS000000000017109 =005 20200826094456 =035 ##$$a 0010-061300000017109 =008 200826################g##########0#ind## =041 ##$$a Ind =082 ##$$a 345.07 =090 ##$$a 345.07, Hus s =100 ##$$a Husein, Harun =245 1#$$a Surat dakwaan : $b Teknik penyusunan, fungsi dan permasalahannya /$c Harun M. Husein, S.H. =260 ##$$a Jakarta :$b Rineka Cipta,$c 1990 =300 ##$$a xix, 282 hlm. ; $c 21 x 15 cm. =650 #4$$a Surat Dakwaan =850 ##$$a NBPNMAT =084 ##$$a 345.07 HUS s =250 ##$$a cet. 1 =990 ##$$a 89465/pro.95 =990 ##$$a 489466/pro.95 =990 ##$$a 89487/pro.95 =990 ##$$a 00037662 =990 ##$$a 00037663 =990 ##$$a 00037664 =990 ##$$a 00037665 =990 ##$$a 00037692 =990 ##$$a 0714/PN/2014